Richard Hammond TV Shows Quiz Stats

 Plays Quiz not verified by Sporcle

Score 0/23 Timer 10:00
0 Plays Today
Channel Show % Correct
BBC2/DaveTop Gear
100%
BBC1/CBBCTotal Wipeout
61.8%
BBC2/CBBCRichard Hammond's Blast Lab
52.9%
BBC1Richard Hammond's Invisible Worlds
23.5%
BBC1/DaveShould i worry about...?
20.6%
Youtube/OnlineTech Head
20.6%
Sky 1Braniac
17.6%
BBC2Richard Hammond's Engineering Connections
17.6%
DaveHammond Meets Moss
17.6%
ITVRichard Hammond's 5 O'Clock show
14.7%
BBC1Richard Hammond's Journey to the Centre of the Planet
14.7%
ITVMen and Motors
11.8%
Channel Show % Correct
BBC2Time Commanders
11.8%
Crufts
8.8%
ITVThe Gunpowder plot
8.8%
Richard Hammond: The Holy Grail
8.8%
Dave/BBC1Helicopter Heroes
8.8%
BBC1Inside Britain's Fattest Man
5.9%
BBC3Last Man Standing
5.9%
Dave/BBC2Richard Hammond Meets Evel Knievel
5.9%
BBC1Sport Relief
5.9%
BBC1Richard Hammond: Would you beleive it?
2.9%
Battle of the geeks
2.9%

You're not logged in!

Compare scores with friends on all Sporcle quizzes.
OR
Log In

Show Comments

Extras

Created Feb 24, 2012ReportNominate
Tags:Show Quiz, channel, richard

Top Quizzes Today


Score Distribution

Your Account Isn't Verified!

In order to create a playlist on Sporcle, you need to verify the email address you used during registration. Go to your Sporcle Settings to finish the process.

Report this User

Report this user for behavior that violates our Community Guidelines.

Details: